Química general : (Registro nro. 8019)

Detalles MARC
000 -LIDER
fixed length control field 00879nam a2200289 a 4500
001 - NÚMERO DE CONTROL
Identificador de número de control 000041210
003 - IDENTIFICACDOR DE NÚMERO DE CONTROL
control field DO-SdBNP
005 - DATE AND TIME OF LATEST TRANSACTION
control field 20180213131245.0
007 - CAMPOS FIJOS DE DESCRIPCIÓN FÍSICA
fixed length control field 000041210
008 - ELEMENTOS DE LONGITUD FIJA
fixed length control field 130925s1982 dr a 000 0 spa d
020 ## - ISBN
International Standard Book Number 848952503x
040 ## - FUENTE DE CATALOGACIÓN
Agencia que crea de manera original el registro BPMSU
Idioma de catalogación spa
Agencia que realiza la transcripción BPMSU
092 ## - LOCALLY ASSIGNED DEWEY DECIMAL CALL NUMBER
Número de clasificación xxxxx
Número de ítem (Cutter) xxxxx
100 1# - ASIENTO PRINCIPAL -- NOMBRE PERSONAL
Nombre personal Pagán , Orlando
245 10 - MENCIÓN DE TITULO
Título Química general :
Subtítulo manual de problemas y ejercicios /
Mención de responsabilidad Orlando Pagán, Miguel Lajara.
260 ## - PUBLICACIÓN, DISTRIBUCIÓN, ETC. (PIE DE IMPRENTA)
Lugar de publicación, distribución, etc Santo Domingo, :
Nombre del editor, distribuidor, etc. INTEC,
Fecha de publicación, distribución, etc 1982
300 ## - DESCRIPCIÓN FÍSICA
Extensión 76 p. :
Otros detalles físicos il. ;
Dimensiones 23 p.
490 1# - MENCIÓN DE SERIES
Mención de serie Educación
Volume/sequential designation 3
700 1# - ASIENTO SECUNDARIO -- NOMBRE PERSONAL
Nombre personal Lajara, Miguel
830 #0 - ASIENTO SECUNDARIO DE SERIE--TÍTULO UNIFORME
Título uniforme Educación
Número de la parte o sección de una obra 3
930 #1 - EQUIVALENCE OR CROSS-REFERENCE-UNIFORM TITLE HEADING [LOCAL, CANADA]
Language of a work BND01
Medium of performance for music LF1
Field link and sequence number 20150106
Date of a work 02
Name of part/section of a work HD
Miscellaneous information 45904
Medium e. 3
942 ## - ADDED ENTRY ELEMENTS (KOHA)
Source of classification or shelving scheme Dewey Decimal Classification
Koha item type Libros
945 ## - INFORMACIÓN DE PROCESAMIENTO LOCAL
Información de procesamiento local inventariado, 2018 / dg
956 ## - LOCAL ELECTRONIC LOCATION AND ACCESS (OCLC)
Nombre de host WMENDOZA
Número de acceso 10
Información de compresión 20130925
Inicio de sesión BND01
Procesador de solicitud 1615
956 ## - LOCAL ELECTRONIC LOCATION AND ACCESS (OCLC)
Nombre de host BTAVAREZ
Número de acceso 10
Información de compresión 20131101
Inicio de sesión BND01
Procesador de solicitud 1445
956 ## - LOCAL ELECTRONIC LOCATION AND ACCESS (OCLC)
Nombre de host VMATEO
Número de acceso 10
Información de compresión 20150727
Inicio de sesión BPMSU
Procesador de solicitud 00151
Existencias
Withdrawn status Lost status Source of classification or shelving scheme Damaged status Not for loan Home library Current library Date acquired Total Checkouts Barcode Date last seen Price effective from Koha item type Copy number
    Dewey Decimal Classification     Biblioteca Pública Metropolitana Salomé Ureña Biblioteca Pública Metropolitana Salomé Ureña 07/27/2015   BPMSU15070379 07/27/2015 07/27/2015 Libros  
    Dewey Decimal Classification     Biblioteca Pública Metropolitana Salomé Ureña Biblioteca Pública Metropolitana Salomé Ureña 07/27/2015   BPMET15070380 07/27/2015 07/27/2015 Libros ej. 2